[Event "Treviso TWE op-B 30th"]
[Site "Treviso"]
[Date "2006.12.10"]
[Round "4.10"]
[White "Civitareale, Alberto"]
[Black "De Nadai, Ruggero"]
[Result "1-0"]
[WhiteElo "1673"]
[BlackElo "1449"]
[PlyCount "155"]
[EventDate "2006.12.08"]
[EventType "swiss"]
[EventRounds "5"]
[EventCountry "ITA"]
[SourceTitle "EXT 2024"]
[Source "ChessBase"]
[SourceDate "2023.10.10"]
[SourceVersion "1"]
[SourceVersionDate "2023.10.10"]
[SourceQuality "1"]

1. e4 c5 2. Nf3 Nc6 3. d4 cxd4 4. Nxd4 e5 5. Nb5 a6 6. Nd6+ Bxd6 7. Qxd6 Qf6 8. Qd1 Qg6 9. Nc3 Nge7 10. Be3 0-0 11. Qd2 Re8 12. 0-0-0 Kh8 13. g3 Ng8 14. Bg2 Nf6 15. h3 Re6 16. Bc5 Ne8 17. Nd5 Nd8 18. Qe3 Qh6 19. Qxh6 Rxh6 20. Nb6 Rb8 21. Nxd7 Bxd7 22. Rxd7 Rc6 23. Be7 Rcc8 24. Bxd8 Rxd8 25. Rxf7 Nf6 26. Re7 Re8 27. Rxe8+ Rxe8 28. Rd1 Kg8 29. g4 Kf7 30. g5 Ng8 31. Rd7+ Re7 32. Rd6 Re6 33. Rd1 Ke8 34. Bf1 Rg6 35. h4 h6 36. Bc4 Ne7 37. Be2 hxg5 38. Bh5 gxh4 39. Bxg6+ Nxg6 40. Rh1 Kd7 41. Kd2 Ke6 42. Ke3 Kf6 43. Kf3 Kg5 44. Rg1+ Kh5 45. Rxg6 Kxg6 46. Kg4 Kh6 47. Kxh4 g6 48. Kg4 b5 49. c3 a5 50. f4 exf4 51. Kxf4 g5+ 52. Kg4 Kg6 53. e5 a4 54. b3 axb3 55. axb3 Kh6 56. e6 Kg6 57. e7 Kf7 58. e8Q+ Kxe8 59. Kxg5 Kd7 60. Kf5 Kc6 61. Ke5 Kc5 62. Ke4 Kc6 63. b4 Kd6 64. Kd4 Kc6 65. Ke5 Kc7 66. Kd5 Kb7 67. Kc5 Ka6 68. Kc6 Ka7 69. Kxb5 Kb7 70. c4 Kb8 71. Kb6 Ka8 72. Kc7 Ka7 73. b5 Ka8 74. c5 Ka7 75. b6+ Ka8 76. b7+ Ka7 77. b8Q+ Ka6 78. Qb6# 1-0

[Event "Treviso TWE op-B 30th"]
[Site "Treviso"]
[Date "2006.12.09"]
[Round "2.21"]
[White "Manfrin, Giuseppe"]
[Black "De Nadai, Ruggero"]
[Result "1/2-1/2"]
[WhiteElo "1350"]
[BlackElo "1449"]
[PlyCount "70"]
[EventDate "2006.12.08"]
[EventType "swiss"]
[EventRounds "5"]
[EventCountry "ITA"]
[SourceTitle "EXT 2024"]
[Source "ChessBase"]
[SourceDate "2023.10.10"]
[SourceVersion "1"]
[SourceVersionDate "2023.10.10"]
[SourceQuality "1"]

1. d4 Nf6 2. Nf3 g6 3. g3 d6 4. Bg2 Bg7 5. 0-0 0-0 6. b3 Bf5 7. e3 Qd7 8. Re1 Bh3 9. Bh1 Bg4 10. Bb2 Ne4 11. c4 Nc5 12. Qc2 Nca6 13. a3 c5 14. Nbd2 f5 15. d5 Bxb2 16. Qxb2 h6 17. Qc2 Rf7 18. Bg2 Nc7 19. h3 Bxf3 20. Nxf3 Nba6 21. g4 fxg4 22. hxg4 Qxg4 23. Nh2 Qg5 24. Rf1 h5 25. f4 Qh6 26. Nf3 Rg7 27. Kf2 Re8 28. Rh1 e6 29. Ng5 exd5 30. Bxd5+ Nxd5 31. cxd5 Nc7 32. Rad1 Rge7 33. Rh3 Rf8 34. Rf3 a5 35. a4 b6 1/2-1/2